Proceedings of a Brainstorming Meeting on Building Technical Capacity and Gender Advocacy of Young Professional Women in Africa : (Record no. 147704)
[ view plain ]
| 000 -LEADER | |
|---|---|
| fixed length control field | 01149nam a2200253 a 4500 |
| 003 - CONTROL NUMBER IDENTIFIER | |
| control field | OSt |
| 005 - DATE AND TIME OF LATEST TRANSACTION | |
| control field | 20260629152912.0 |
| 008 - FIXED-LENGTH DATA ELEMENTS--GENERAL INFORMATION | |
| fixed length control field | |
| 020 ## - INTERNATIONAL STANDARD BOOK NUMBER | |
| International Standard Book Number | 9966831169 (Paperback) |
| 024 ## - OTHER STANDARD IDENTIFIER | |
| Terms of availability | [ ] |
| 040 ## - CATALOGING SOURCE | |
| Transcribing agency | NUST |
| Original cataloging agency | NUST |
| Language of cataloging | eng |
| Modifying agency | NUST |
| Description conventions | rda |
| 050 ## - LIBRARY OF CONGRESS CALL NUMBER | |
| Classification number | HD6054.4.A35 BRA |
| 245 10 - TITLE STATEMENT | |
| Title | Proceedings of a Brainstorming Meeting on Building Technical Capacity and Gender Advocacy of Young Professional Women in Africa : |
| Remainder of title | June 9-12, 1993, Nairobi, Kenya : a collaborative project of the United Nations Development Fund for Women (UNIFEM) and the African Academy of Sciences (AAS) / |
| Statement of responsibility, etc. | [editing and design by Annalee Ng'eny-Mengech] |
| 260 ## - PUBLICATION, DISTRIBUTION, ETC. | |
| Place of publication, distribution, etc. | Nairobi : |
| Name of publisher, distributor, etc. | UNIFEM : |
| -- | AAS, |
| Date of publication, distribution, etc. | ©1994. |
| 300 ## - PHYSICAL DESCRIPTION | |
| Extent | 87 pages : |
| Other physical details | illustrations ; |
| Dimensions | 25 cm. |
| 336 ## - CONTENT TYPE | |
| Source | rdacontent |
| Content type term | text |
| Content type code | txt |
| 337 ## - MEDIA TYPE | |
| Source | rdamedia |
| Media type term | unmediated |
| Media type code | n |
| 338 ## - CARRIER TYPE | |
| Source | rdacarrier |
| Carrier type term | volume |
| Carrier type code | nc |
| 504 ## - BIBLIOGRAPHY, ETC. NOTE | |
| Bibliography, etc. note | Includes bibliographical references. |
| 650 #0 - SUBJECT ADDED ENTRY--TOPICAL TERM | |
| Topical term or geographic name entry element | Women executives |
| General subdivision | Training of |
| Geographic subdivision | Africa |
| General subdivision | Congresses. |
| 700 2# - ADDED ENTRY--PERSONAL NAME | |
| Personal name | Ngeny-Mengech, A. |
| Relator term | editor |
| 907 ## - LOCAL DATA ELEMENT G, LDG (RLIN) | |
| a | .b10086572 |
| b | 10-07-06 |
| c | 25-08-03 |
| 942 ## - ADDED ENTRY ELEMENTS (KOHA) | |
| Koha item type | Ordinary Loan Books |
| Call number prefix | HD |
| Call number suffix | BRA |
| Source of classification or shelving scheme | Library of Congress Classification |
| Classification part | HD6054.4.A35 BRA |
| Suppress in OPAC | No |
| Withdrawn status | Lost status | Source of classification or shelving scheme | Damaged status | Not for loan | Collection | Home library | Current library | Shelving location | Date acquired | Cost, normal purchase price | Total Checkouts | Full call number | Barcode | Date last seen | Cost, replacement price | Price effective from | Koha item type |
|---|---|---|---|---|---|---|---|---|---|---|---|---|---|---|---|---|---|
| LCC | NFIC | MAIN | MAIN | GEN | 01/23/2023 | 80.00 | 2 | HD6054.4.A35 PRO | 92003004758 | 01/23/2023 | 80.00 | 01/23/2023 | BOOKS |